00405nam a2200169Ia 4500003000400000005001700004008004100021020001700062040000700079041000800086082002300094100002200117245003600139260003600175300001600211365000800227OSt20230612113224.0210423s2008 xx 000 0 und d a978017854962 cAL aeng a574.192 223bLITG aLITWACK (Gerald). aHuman biochemistry and disease. aNew DelhibAcademic Pressc2008 axv,1254bPB cINR